000 00283nam a2200097Ia 4500
008 230907s9999||||xx |||||||||||||| ||und||
082 _a333.794
_bROO
245 0 _aInternational solutions to sustainable energy, policies and applications /
300 _axxxii, 461 Seiten
942 _cBK
999 _c599567
_d599567